000 00631nam a2200217Ia 4500
005 20230513103343.0
008 131103s9999 xx 000 0 und d
040 _aLoreto College
041 _aEnglish
082 _a823.91
_bJAM-MAR
100 _aMarkow-Totevy G.
245 _aHenry James
_cG.Markow-Totevy; Translated by John griffiths
260 _aLondon
_bThe merlin press
_c1969
300 _a151p.
504 _aIncludes bibliographical references and index
650 _aJames, Henry - ciriticism
651 _aEnglish fiction - ciriticism
700 _aGriffiths, John; trl.
850 _aLCLIB
942 _cBK
999 _c22489
_d72968